Normal view MARC view
  • Sun, Jiazheng

Entry Personal Name

Number of records used in: 1

001 - CONTROL NUMBER

  • control field: 125624

003 - CONTROL NUMBER IDENTIFIER

  • control field: NUST

005 - DATE AND TIME OF LATEST TRANSACTION

  • control field: 20240903131138.0

008 - FIXED-LENGTH DATA ELEMENTS

  • fixed length control field: 240903|| aca||aabn | a|a d

040 ## - CATALOGING SOURCE

  • Original cataloging agency: NUST
  • Transcribing agency: NUST

100 ## - HEADING--PERSONAL NAME

  • Personal name: Sun, Jiazheng

670 ## - SOURCE DATA FOUND

  • Source citation: Work cat.: (NUST)0: 880-01 Sun, Jiazheng., Dang dai zhong guo wen hua de zhui qiu yu meng xiang =, 2007.
© 2023 Central Library, National University of Sciences and Technology. All Rights Reserved.